000 00466nam a2200157 4500
001 116379
003 ES-MaACL
005 20230906190708.0
007 t|
008 061121s1910 fr r ||||1| fre d
100 1 _aParodi, Dominique (
_d1870-1955)
_989205
245 1 3 _aLe problème moral et la pensée contemporaine /
_cpar Dominique Parodi.
260 _aParis :
_bTours- E. Arrault et Cia,
_c1910.
300 _a270 p. ;
_c18 cm.
852 _aES-MaACL
_jF-11713
999 _c116379
_d116379